| 000 | 00651nam a22001935 4500 | ||
|---|---|---|---|
| 001 | 48688 | ||
| 003 | ES-MaACL | ||
| 005 | 20250907063042.0 | ||
| 007 | t| | ||
| 008 | 950728s1890 sp cf |||| | spa d | ||
| 040 |
_aCAM _bspa _cCAM |
||
| 100 | 1 |
_aDíaz y Pérez, Nicolás, _d1841-1902 _944467 |
|
| 245 | 1 | 3 |
_aEl Plutarco extremeño _b: libro de lectura para las escuelas de primera enseñanza / _cpor Nicolás Diaz y Pérez. |
| 250 | _a1ª ed. | ||
| 260 |
_aBadajoz : _b[s.n.], _c1890 ( _fTip. y Enc. La Minerva Extremeña) |
||
| 300 |
_a240 p., [1] h. de lám., retr. ; _c16 cm. |
||
| 852 |
_aES-MaACL _jD-2759 |
||
| 999 |
_c48688 _d48688 |
||